| 000 | 00673nam a22002057a 4500 | ||
|---|---|---|---|
| 999 |
_c20577 _d20577 |
||
| 003 | AR-CdUCM | ||
| 008 | 190527b ||||| |||| 00| 0 spa d | ||
| 040 |
_aMUNICIPALIDAD PROVINCIAL DEL CUSCO _cBIBLIOTECA MUNICIPAL DEL CUSCO |
||
| 082 |
_a109 / _bR81 |
||
| 100 |
_aRomero, Francisco _910711 |
||
| 245 | _aSobre la historia de la filosofía / | ||
| 260 |
_aArgentina : _bMiguel Violetto, _c1943. |
||
| 300 |
_a99 páginas ; _c23 cm. |
||
| 440 |
_aCuadernos de filosofía _n3 _943017 |
||
| 505 | _aContenido: Historia de la filosofía -- Concepción del mundo y método. | ||
| 650 |
_aFilosofía _9395 |
||
| 650 |
_aHistoria _9136 |
||
| 942 |
_2ddc _cLIBROS |
||
| 945 | _arcc | ||